| 000 | nam a22 4500 | ||
|---|---|---|---|
| 999 |
_c8910 _d8910 |
||
| 008 | 180317b ||||| |||| 00| 0 eng d | ||
| 100 |
_926913 _aCahiles-Magkilat, Bernie |
||
| 245 |
_aEntrepreneur rides on K to 12 program/ _cBernie Cahiles-Magkilat |
||
| 260 |
_aPhilippines _bManila Bulletin _cc2016 |
||
| 300 | _apage C-1. | ||
| 650 | 0 |
_926914 _aEntrepreneurship. |
|
| 942 |
_2ddc _cPER |
||